[Event "Maraba op 6th"]
[Site "Maraba"]
[Date "2023.05.27"]
[Round "4"]
[White "Costa, Diogenes Everton N"]
[Black "Chaves, Allysson Pereira"]
[Result "1/2-1/2"]
[WhiteElo "1800"]
[BlackElo "2132"]
[PlyCount "152"]
[EventDate "2023.05.26"]
[EventType "swiss"]
[EventRounds "6"]
[EventCountry "BRA"]
[SourceTitle "EXT 2024"]
[Source "ChessBase"]
[SourceDate "2023.10.10"]
[SourceVersion "1"]
[SourceVersionDate "2023.10.10"]
[SourceQuality "1"]

1. d4 Nf6 2. Bg5 d5 3. Bxf6 exf6 4. g3 Be7 5. Bg2 0-0 6. e3 Re8 7. Ne2 c6 8. 0-0 Bf5 9. Nd2 Bf8 10. c4 dxc4 11. Nxc4 Na6 12. Qb3 Rb8 13. Rfd1 Qe7 14. a3 Nc7 15. Nf4 Be4 16. Rac1 g5 17. Nd3 Bxg2 18. Kxg2 Qe4+ 19. Kg1 Ne6 20. Qc2 h5 21. Ne1 Qxc2 22. Rxc2 Rbd8 23. Na5 Rd7 24. Rdc1 Be7 25. b4 f5 26. Nd3 Bd6 27. Nb3 f6 28. Nbc5 Bxc5 29. Nxc5 Nxc5 30. Rxc5 f4 31. exf4 gxf4 32. Rxh5 Rxd4 33. Rc3 Ree4 34. h3 Re7 35. Rh4 Rdd7 36. Kg2 fxg3 37. Rg4+ Rg7 38. Kxg3 Kf7 39. Re3 Rxg4+ 40. Kxg4 Rd4+ 41. f4 Rd1 42. Rc3 Rg1+ 43. Kf5 Rd1 44. Rc5 Rd5+ 45. Rxd5 cxd5 46. b5 Kg7 47. Kg4 Kh6 48. Kf3 Kh5 49. Ke3 Kh4 50. Kd4 Kxh3 51. Kxd5 Kg4 52. Ke4 f5+ 53. Ke5 a5 54. b6 a4 55. Kd6 Kxf4 56. Kc7 Ke4 57. Kxb7 f4 58. Kc6 f3 59. b7 f2 60. b8Q f1Q 61. Qb4+ Ke5 62. Qe7+ Kd4 63. Qc5+ Ke4 64. Qd5+ Ke3 65. Qe5+ Kd2 66. Qb2+ Ke3 67. Qc3+ Qd3 68. Qxd3+ Kxd3 69. Kb5 Kc3 70. Kxa4 Kc4 71. Ka5 Kc5 72. Ka6 Kc6 73. a4 Kc5 74. a5 Kc6 75. Ka7 Kc7 76. Ka8 Kc6 1/2-1/2

[Event "Nova Maraba op 5th"]
[Site "Nova Maraba"]
[Date "2022.06.26"]
[Round "5"]
[White "Chaves, Allysson Pereira"]
[Black "Santiago, Bruno Majorico Frei"]
[Result "1-0"]
[WhiteElo "2121"]
[BlackElo "2160"]
[PlyCount "97"]
[EventDate "2022.06.24"]
[EventType "swiss"]
[EventRounds "6"]
[EventCountry "BRA"]
[SourceTitle "EXT 2023"]
[Source "ChessBase"]
[SourceDate "2022.10.05"]
[SourceVersion "1"]
[SourceVersionDate "2022.10.05"]
[SourceQuality "1"]

1. c4 Nf6 2. Nc3 g6 3. g3 Bg7 4. Bg2 0-0 5. e4 d6 6. Nge2 Nc6 7. d4 Bd7 8. 0-0 Qc8 9. Re1 a6 10. Rb1 Rb8 11. a4 e5 12. d5 Ne7 13. b4 Nh5 14. c5 f5 15. f3 Nf6 16. Rf1 fxe4 17. fxe4 Bh3 18. Qd3 Bxg2 19. Kxg2 Qd7 20. Be3 Rf7 21. h3 Rbf8 22. Ng1 Rd8 23. Rbd1 Nc8 24. Nf3 h6 25. Nh4 Ne7 26. b5 axb5 27. axb5 g5 28. Nf5 Nxf5 29. Rxf5 Ra8 30. Rdf1 Rff8 31. Qc4 Qe7 32. b6 Rfc8 33. bxc7 Rxc7 34. Nb5 Rcc8 35. c6 Kh7 36. Na7 Rc7 37. Bb6 bxc6 38. Bxc7 cxd5 39. Nc6 Qxc7 40. exd5 Rf8 41. Nxe5 Qb6 42. Qc2 Kg8 43. Ng6 Rf7 44. Rb1 Qd4 45. Rb8+ Kh7 46. Rxf6 Qxd5+ 47. Kh2 Rc7 48. Nf8+ Kg8 49. Qh7# 1-0

[Event "Nova Maraba op 5th"]
[Site "Nova Maraba"]
[Date "2022.06.24"]
[Round "1"]
[White "Chaves, Allysson Pereira"]
[Black "Abreu, Emanuel Guimaraes"]
[Result "1-0"]
[WhiteElo "2121"]
[BlackElo "1800"]
[PlyCount "53"]
[EventDate "2022.06.24"]
[EventType "swiss"]
[EventRounds "6"]
[EventCountry "BRA"]
[SourceTitle "EXT 2023"]
[Source "ChessBase"]
[SourceDate "2022.10.05"]
[SourceVersion "1"]
[SourceVersionDate "2022.10.05"]
[SourceQuality "1"]

1. d4 e6 2. c4 d5 3. Nf3 Nf6 4. Nc3 dxc4 5. e4 Nc6 6. Bg5 Nxd4 7. Qxd4 Qxd4 8. Nxd4 e5 9. Ndb5 a6 10. Nxc7+ Kd8 11. Nxa8 Bc5 12. 0-0-0+ Bd7 13. Bxf6+ gxf6 14. Nd5 Bxf2 15. Ndb6 Be3+ 16. Kb1 Ke8 17. Rxd7 Kf8 18. Bxc4 Kg7 19. Rxf7+ Kg6 20. Rf1 Bg5 21. g3 Rc8 22. Nxc8 b5 23. Ne7+ Kh6 24. Be6 Kh5 25. Rxh7+ Bh6 26. Rf5+ Kg4 27. Rxh6 1-0

[Event "Maraba op 4th"]
[Site "Maraba"]
[Date "2019.04.26"]
[Round "1"]
[White "Abreu, Nilton Silva"]
[Black "Chaves, Allysson Pereira"]
[Result "0-1"]
[WhiteElo "1914"]
[BlackElo "2071"]
[PlyCount "46"]
[EventDate "2019.04.26"]
[EventType "swiss"]
[EventRounds "6"]
[EventCountry "BRA"]
[SourceTitle "EXT 2020"]
[Source "ChessBase"]
[SourceDate "2019.10.17"]
[SourceVersion "1"]
[SourceVersionDate "2019.10.17"]
[SourceQuality "1"]

1. e4 c5 2. Nf3 g6 3. Nc3 Bg7 4. Bc4 e6 5. 0-0 Nc6 6. Re1 Nge7 7. d3 0-0 8. Bg5 h6 9. Bd2 Kh7 10. a3 a6 11. e5 Nf5 12. Bf4 g5 13. Be3 Nxe3 14. Rxe3 g4 15. Ne1 Nxe5 16. Ba2 d5 17. Rg3 f5 18. f4 Ng6 19. Qd2 h5 20. Ne2 d4 21. h4 Qxh4 22. c3 Qf6 23. cxd4 cxd4 0-1

[Event "Maraba op 4th"]
[Site "Maraba"]
[Date "2019.04.26"]
[Round "2"]
[White "Chaves, Allysson Pereira"]
[Black "Laranjeira, Marcio Muniz"]
[Result "1/2-1/2"]
[WhiteElo "2071"]
[BlackElo "1951"]
[PlyCount "67"]
[EventDate "2019.04.26"]
[EventType "swiss"]
[EventRounds "6"]
[EventCountry "BRA"]
[SourceTitle "EXT 2020"]
[Source "ChessBase"]
[SourceDate "2019.10.17"]
[SourceVersion "1"]
[SourceVersionDate "2019.10.17"]
[SourceQuality "1"]

1. c4 Nf6 2. g3 e5 3. Bg2 c6 4. Nf3 Qc7 5. 0-0 Bc5 6. d4 exd4 7. Nxd4 h6 8. Bf4 d6 9. Nb3 Nh5 10. Bc1 0-0 11. e4 Nf6 12. Bf4 Qb6 13. Bxd6 Bxd6 14. Qxd6 Rd8 15. c5 Rxd6 16. cxb6 Rd8 17. bxa7 Rxa7 18. Nc3 Be6 19. Nc5 Bc4 20. Rfd1 Rxd1+ 21. Rxd1 Na6 22. Nxa6 Rxa6 23. b3 Be6 24. f4 g6 25. f5 gxf5 26. exf5 Bxf5 27. Rd8+ Kg7 28. Rb8 b5 29. h3 h5 30. Kh2 Nd7 31. Rb7 Ne5 32. a4 bxa4 33. Nxa4 Bc2 34. Kg1 1/2-1/2

[Event "Imperatriz LMX Maranhense 26th"]
[Site "Imperatriz"]
[Date "2018.07.13"]
[Round "1.2"]
[White "Almeida, Antonio Carlos S"]
[Black "Chaves, Allysson Pereira"]
[Result "0-1"]
[WhiteElo "1856"]
[BlackElo "2060"]
[PlyCount "38"]
[EventDate "2018.07.26"]
[EventType "swiss"]
[EventRounds "5"]
[EventCountry "BRA"]
[SourceTitle "EXT 2022"]
[Source "ChessBase"]
[SourceDate "2021.10.06"]
[SourceVersion "1"]
[SourceVersionDate "2021.10.06"]
[SourceQuality "1"]

1. Nf3 Nf6 2. g3 g6 3. Bg2 Bg7 4. 0-0 0-0 5. d4 d6 6. b3 Nbd7 7. Bb2 c6 8. Nbd2 a5 9. e4 Qc7 10. c4 e5 11. d5 Nc5 12. Ne1 Bh6 13. f4 a4 14. b4 a3 15. bxc5 axb2 16. Rb1 cxd5 17. cxd6 Qxd6 18. fxe5 Qxe5 19. Nef3 Qc3 0-1

[Event "Parauapebas-ch"]
[Site "Parauapebas"]
[Date "2017.09.24"]
[Round "8"]
[White "Luz Silva, Claudio Luis Olivei"]
[Black "Chaves, Allysson Pereira"]
[Result "0-1"]
[WhiteElo "1829"]
[BlackElo "1995"]
[PlyCount "54"]
[EventDate "2017.09.10"]
[EventType "tourn"]
[EventRounds "18"]
[EventCountry "BRA"]
[SourceTitle "EXT 2019"]
[Source "ChessBase"]
[SourceDate "2018.10.10"]
[SourceVersion "1"]
[SourceVersionDate "2018.10.10"]
[SourceQuality "1"]

1. e4 c5 2. Nf3 g6 3. d4 cxd4 4. Qxd4 Nf6 5. e5 Nc6 6. Qc4 d5 7. Qb3 Ng4 8. Bb5 Bg7 9. Bf4 0-0 10. Bxc6 bxc6 11. h3 Nh6 12. Nc3 f6 13. 0-0 fxe5 14. Bxe5 Rxf3 15. Bxg7 Kxg7 16. gxf3 Bxh3 17. Rfe1 Qd6 18. Ne2 Rf8 19. f4 Bg4 20. f3 Bh5 21. Qe3 Nf5 22. Qd3 Qc5+ 23. Kh2 Qf2+ 24. Kh3 Bxf3 25. Qxf3 Qxf3+ 26. Kh2 Ne3 27. Ng3 Qg2# 0-1

[Event "Parauapebas CXCP op 1st"]
[Site "Parauapebas"]
[Date "2017.03.05"]
[Round "5.1"]
[White "Chaves, Allysson Pereira"]
[Black "Perdomo, Leandro Daniel"]
[Result "0-1"]
[WhiteElo "2000"]
[BlackElo "2462"]
[PlyCount "82"]
[EventDate "2017.03.03"]
[EventType "swiss"]
[EventRounds "6"]
[EventCountry "BRA"]
[SourceTitle "EXT 2022"]
[Source "ChessBase"]
[SourceDate "2021.10.06"]
[SourceVersion "1"]
[SourceVersionDate "2021.10.06"]
[SourceQuality "1"]

1. d4 Nf6 2. c4 g6 3. Nc3 Bg7 4. e4 d6 5. Nf3 0-0 6. Be2 Nbd7 7. 0-0 e5 8. dxe5 dxe5 9. Qc2 c6 10. Rd1 Qe7 11. Ne1 Nc5 12. Be3 Ne6 13. Rd2 Nd7 14. Bf1 Nd4 15. Qd1 Nc5 16. Nc2 Nce6 17. Ne2 Nxe2+ 18. Bxe2 c5 19. f3 b6 20. Na3 Bf6 21. Qe1 Bg5 22. Bf1 Bb7 23. Rad1 Nd4 24. Nb5 Rad8 25. Kh1 f5 26. exf5 Rxf5 27. Bxg5 Rxg5 28. Qe3 Rh5 29. Nxd4 cxd4 30. Qf2 Qc7 31. Qg3 Qf7 32. Bd3 Qf6 33. Re1 Rg5 34. Qh3 Rh5 35. Qg4 Rh4 36. Qg3 Rf4 37. h3 Kg7 38. Rde2 Bxf3 39. Rf2 Bc6 40. Ref1 g5 41. Kg1 Rf8 0-1

[Event "Brasilia Terraviva op"]
[Site "Brasilia"]
[Date "2017.01.08"]
[Round "6"]
[White "Chaves, Allysson Pereira"]
[Black "Nishizawa, Claudio"]
[Result "1-0"]
[WhiteElo "2011"]
[BlackElo "1555"]
[PlyCount "83"]
[EventDate "2017.01.06"]
[EventType "swiss"]
[EventRounds "6"]
[EventCountry "BRA"]
[SourceTitle "CBM 176 Extra"]
[Source "ChessBase"]
[SourceDate "2017.03.02"]
[SourceVersion "1"]
[SourceVersionDate "2017.03.02"]
[SourceQuality "1"]

1. Nf3 Nf6 2. g3 g6 3. Bg2 Bg7 4. c4 0-0 5. 0-0 c6 6. Nc3 d5 7. cxd5 cxd5 8. d4 e6 9. Ne5 Nc6 10. f4 a6 11. Kh1 Qb6 12. Na4 Qxd4 13. Nxc6 Qxd1 14. Ne7+ Kh8 15. Rxd1 Nd7 16. e4 d4 17. e5 Re8 18. Nxc8 Raxc8 19. Bxb7 Rc4 20. b3 Rb4 21. Bc6 Rd8 22. Ba3 Nb8 23. Bxb4 Nxc6 24. Bd6 Na7 25. Rxd4 Nb5 26. Rd3 h5 27. Rad1 Rc8 28. Be7 Rc2 29. Nc5 Nc7 30. Rd8+ Kh7 31. Ne4 Nd5 32. Ng5+ Kh6 33. Nxf7+ Kh7 34. Ng5+ Kh6 35. R1xd5 exd5 36. Rd7 h4 37. g4 h3 38. Kg1 Rg2+ 39. Kf1 Rxh2 40. Bf8 Rh1+ 41. Ke2 Rh2+ 42. Kf3 1-0

[Event "Brasilia Terraviva op"]
[Site "Brasilia"]
[Date "2017.01.07"]
[Round "3"]
[White "Cunha, Lucas Aguiar"]
[Black "Chaves, Allysson Pereira"]
[Result "1-0"]
[WhiteElo "2287"]
[BlackElo "2011"]
[PlyCount "53"]
[EventDate "2017.01.06"]
[EventType "swiss"]
[EventRounds "6"]
[EventCountry "BRA"]
[SourceTitle "CBM 176 Extra"]
[Source "ChessBase"]
[SourceDate "2017.03.02"]
[SourceVersion "1"]
[SourceVersionDate "2017.03.02"]
[SourceQuality "1"]

1. e4 c5 2. Nf3 Nc6 3. Nc3 g6 4. d4 cxd4 5. Nxd4 Bg7 6. Be3 Nf6 7. Bc4 0-0 8. Bb3 Ng4 9. Qxg4 Nxd4 10. Qd1 Nxb3 11. axb3 a6 12. Nd5 d6 13. Bb6 Qd7 14. Qd3 e6 15. Nc7 Rb8 16. 0-0-0 Be5 17. Qe3 Qc6 18. f4 Bf6 19. e5 dxe5 20. fxe5 Bg5 21. Qxg5 Qxb6 22. Qe7 Qe3+ 23. Kb1 Qxe5 24. Rd8 Rxd8 25. Qxd8+ Kg7 26. Ne8+ Kh6 27. Qh4+ 1-0

[Event "Paraense-ch"]
[Site "Parauapebas"]
[Date "2016.10.30"]
[Round "6.1"]
[White "Moraes, Nelson da Silva"]
[Black "Chaves, Allysson Pereira"]
[Result "1-0"]
[WhiteElo "2238"]
[BlackElo "2000"]
[PlyCount "39"]
[EventDate "2016.10.28"]
[EventType "swiss"]
[EventRounds "6"]
[EventCountry "BRA"]
[SourceTitle "EXT 2022"]
[Source "ChessBase"]
[SourceDate "2021.10.06"]
[SourceVersion "1"]
[SourceVersionDate "2021.10.06"]
[SourceQuality "1"]

1. e4 d6 2. d4 g6 3. Nc3 Bg7 4. f4 Nd7 5. Be3 e5 6. Nf3 exd4 7. Bxd4 Bxd4 8. Qxd4 Qf6 9. e5 dxe5 10. fxe5 Qb6 11. Nd5 Qxd4 12. Nxd4 Kd8 13. e6 Ne5 14. exf7 Nxf7 15. 0-0-0 Nd6 16. Nb5 Nxb5 17. Bxb5 Rb8 18. Nf4+ Ke7 19. Rhe1+ Kf6 20. Rd8 1-0

[Event "Paraense-ch"]
[Site "Parauapebas"]
[Date "2016.10.29"]
[Round "4.1"]
[White "Laranjeira, Marcio Muniz"]
[Black "Chaves, Allysson Pereira"]
[Result "0-1"]
[WhiteElo "1969"]
[BlackElo "2000"]
[PlyCount "118"]
[EventDate "2016.10.28"]
[EventType "swiss"]
[EventRounds "6"]
[EventCountry "BRA"]
[SourceTitle "EXT 2022"]
[Source "ChessBase"]
[SourceDate "2021.10.06"]
[SourceVersion "1"]
[SourceVersionDate "2021.10.06"]
[SourceQuality "1"]

1. d4 Nf6 2. Nc3 g6 3. Nf3 Bg7 4. e4 d6 5. Bd3 Nbd7 6. 0-0 e5 7. dxe5 dxe5 8. Bg5 h6 9. Be3 0-0 10. h3 c6 11. Nd2 Nh5 12. Ne2 Kh7 13. Rb1 b6 14. f4 exf4 15. Nxf4 Nxf4 16. Bxf4 Nc5 17. Qf3 Nxd3 18. cxd3 Ba6 19. Nc4 Bxc4 20. dxc4 Qd4+ 21. Kh1 Qxc4 22. b3 Qe6 23. Rbd1 Rad8 24. Rd3 Rxd3 25. Qxd3 Re8 26. Rc1 c5 27. Re1 Qf6 28. Bg3 Qc3 29. Qxc3 Bxc3 30. Re2 Be5 31. Kh2 f5 32. Rd2 Bxg3+ 33. Kxg3 fxe4 34. Rd7+ Kg8 35. Kf2 Rf8+ 36. Ke3 Rf7 37. Rd8+ Kg7 38. Re8 Kf6 39. Kxe4 Re7+ 40. Rxe7 Kxe7 41. Ke5 Kd7 42. Kd5 h5 43. a4 a6 44. h4 a5 45. g3 Kc7 46. Ke5 Kc6 47. Kf6 b5 48. axb5+ Kxb5 49. Kxg6 c4 50. bxc4+ Kxc4 51. Kxh5 a4 52. g4 a3 53. g5 a2 54. g6 a1Q 55. Kh6 Qh8+ 56. Kg5 Kd5 57. h5 Ke6 58. h6 Qe5+ 59. Kg4 Qf5+ 0-1

[Event "Paraense-ch"]
[Site "Parauapebas"]
[Date "2016.10.28"]
[Round "1.5"]
[White "Chaves, Allysson Pereira"]
[Black "Amorim, Genaro Jose Melo De"]
[Result "1-0"]
[WhiteElo "2000"]
[BlackElo "1824"]
[PlyCount "77"]
[EventDate "2016.10.28"]
[EventType "swiss"]
[EventRounds "6"]
[EventCountry "BRA"]
[SourceTitle "EXT 2022"]
[Source "ChessBase"]
[SourceDate "2021.10.06"]
[SourceVersion "1"]
[SourceVersionDate "2021.10.06"]
[SourceQuality "1"]

1. d4 Nf6 2. Nf3 e6 3. c4 c5 4. g3 cxd4 5. Nxd4 Bb4+ 6. Bd2 Bxd2+ 7. Qxd2 0-0 8. Bg2 Nc6 9. e4 d5 10. Nxc6 bxc6 11. exd5 exd5 12. 0-0 Be6 13. cxd5 Bxd5 14. Bxd5 Qxd5 15. Qxd5 cxd5 16. Rd1 Rfd8 17. Rd4 Rab8 18. b3 Rbc8 19. Nd2 Rc2 20. a3 Re8 21. Rd1 a5 22. Nf1 Ree2 23. Ne3 Rb2 24. Rf4 Red2 25. Rxd2 Rxd2 26. Ra4 g6 27. Rxa5 Rd3 28. Rb5 Kg7 29. a4 d4 30. Nc4 Rd1+ 31. Kg2 d3 32. Kf3 h5 33. h3 Re1 34. a5 Ne4 35. Rd5 f5 36. Rxd3 Rf1 37. Nd2 Nxf2 38. Rd7+ Kf6 39. Nxf1 1-0

[Event "Maraba op 3rd"]
[Site "Maraba"]
[Date "2016.04.23"]
[Round "6"]
[White "Perdomo, Leandro Daniel"]
[Black "Chaves, Allysson Pereira"]
[Result "1-0"]
[WhiteElo "2440"]
[BlackElo "2021"]
[PlyCount "83"]
[EventDate "2016.04.21"]
[EventType "swiss"]
[EventRounds "7"]
[EventCountry "BRA"]
[SourceTitle "CBM 172 Extra"]
[Source "ChessBase"]
[SourceDate "2016.06.21"]
[SourceVersion "1"]
[SourceVersionDate "2016.06.21"]
[SourceQuality "1"]

1. d4 Nf6 2. c4 g6 3. Nc3 Bg7 4. e4 d6 5. Be2 e5 6. d5 Nbd7 7. h4 a5 8. Qc2 Nc5 9. Bg5 h6 10. Be3 Bd7 11. 0-0-0 b6 12. h5 g5 13. f3 Ng8 14. g4 Ne7 15. Kb1 Qb8 16. Nh3 Bf6 17. Qd2 Rg8 18. Nf2 Qa7 19. Nd3 Qb8 20. Rc1 Bh8 21. Kc2 Bf6 22. Kd1 Kf8 23. Ke1 Qe8 24. Kf1 Kg7 25. Kg2 Kh7 26. Nf2 Nc8 27. b3 Qe7 28. Rc2 Na7 29. Rb1 Rgb8 30. Nd3 Qf8 31. a3 Nc8 32. b4 Nxd3 33. Bxd3 Be7 34. Ne2 f6 35. bxa5 Rxa5 36. Qxa5 bxa5 37. Rxb8 Kg7 38. Ra8 Qd8 39. Rb2 c5 40. Rb7 Kf7 41. Bd2 a4 42. Bc2 1-0

[Event "Parauapebas Paraense-ch"]
[Site "Parauapebas"]
[Date "2015.11.20"]
[Round "2"]
[White "Chaves, Allysson Pereira"]
[Black "Stekee, Cleudiomar Lopes"]
[Result "1/2-1/2"]
[WhiteElo "1980"]
[BlackElo "1768"]
[PlyCount "128"]
[EventDate "2015.11.20"]
[EventType "swiss"]
[EventRounds "6"]
[EventCountry "BRA"]
[SourceTitle "CBM 169 Extra"]
[Source "ChessBase"]
[SourceDate "2015.12.18"]
[SourceVersion "1"]
[SourceVersionDate "2015.12.18"]
[SourceQuality "1"]

1. g3 d5 2. Bg2 e5 3. d3 Nf6 4. Nd2 Nc6 5. c3 Be7 6. e4 Bg4 7. Qc2 0-0 8. Ngf3 dxe4 9. dxe4 h6 10. 0-0 Qd7 11. Nc4 Qe6 12. Ne3 Bc5 13. Nd5 Bb6 14. b3 Rfd8 15. Rd1 Nxd5 16. exd5 Rxd5 17. Rxd5 Qxd5 18. Nd4 Nxd4 19. cxd4 Qxd4 20. Bb2 Qd6 21. h3 Bh5 22. Qf5 Bg6 23. Qxe5 Qxe5 24. Bxe5 c6 25. Bf3 Rd8 26. Bf4 Bf5 27. g4 Be6 28. Re1 a5 29. Kg2 g5 30. Bc1 Bc5 31. h4 Be7 32. hxg5 hxg5 33. Re5 a4 34. bxa4 Rd4 35. Bxg5 Bxg5 36. Rxg5+ Kf8 37. a5 Bxa2 38. Re5 Bc4 39. Kg3 Bb5 40. g5 Ra4 41. Bh5 Rxa5 42. Rf5 Ra3+ 43. f3 Bc4 44. Bxf7 Bxf7 45. g6 b5 46. Rxf7+ Kg8 47. Kg4 Ra1 48. Rc7 Rc1 49. Kf5 Rd1 50. Rc8+ Kg7 51. Rc7+ Kg8 52. Rxc6 Rd8 53. Rb6 Rf8+ 54. Kg4 Kg7 55. f4 Rf6 56. Rxb5 Rxg6+ 57. Kf5 Rf6+ 58. Ke5 Kg6 59. Rb1 Rf5+ 60. Ke4 Ra5 61. Rb6+ Kf7 62. f5 Ra4+ 63. Ke5 Ra5+ 64. Ke4 Ra1 1/2-1/2

[Event "Maraba op 2nd"]
[Site "Maraba"]
[Date "2015.04.25"]
[Round "3"]
[White "Chaves, Allysson Pereira"]
[Black "Almeida, Fernando Medrado"]
[Result "1-0"]
[WhiteElo "2013"]
[BlackElo "1898"]
[PlyCount "95"]
[EventDate "2015.04.24"]
[EventType "swiss"]
[EventRounds "6"]
[EventCountry "BRA"]
[SourceTitle "CBM 166 Extra"]
[Source "ChessBase"]
[SourceDate "2015.06.18"]
[SourceVersion "1"]
[SourceVersionDate "2015.06.18"]
[SourceQuality "1"]

1. d4 d5 2. c4 e6 3. Nc3 c6 4. Nf3 h6 5. Bf4 Nf6 6. h3 Bb4 7. a3 Bd6 8. Bxd6 Qxd6 9. c5 Qc7 10. Ne5 Nbd7 11. f4 Qd8 12. e3 Nxe5 13. fxe5 Nd7 14. Qg4 Qg5 15. Qf4 f6 16. h4 Qxf4 17. exf4 fxe5 18. fxe5 Rf8 19. Bd3 a5 20. Na4 Rf4 21. 0-0-0 Nxe5 22. dxe5 Rxa4 23. Bg6+ Kd8 24. Rdf1 Rg4 25. h5 Rxg2 26. Rf7 Rb8 27. Rhf1 Bd7 28. Rxg7 Kc7 29. Rf6 Rd8 30. Rxe6 Kb8 31. Rd6 Rf8 32. Rf6 Rf2 33. Rxf8+ Rxf8 34. Rxd7 Rf1+ 35. Kc2 Re1 36. Re7 d4 37. Bf5 Re2+ 38. Kd3 Rxb2 39. e6 Rb3+ 40. Kxd4 Rxa3 41. Rxb7+ Kxb7 42. e7 Ra4+ 43. Ke5 Rc4 44. e8Q Rxc5+ 45. Kd4 Rd5+ 46. Kc4 Kc7 47. Be4 Rd6 48. Qe5 1-0

[Event "Maraba op 2nd"]
[Site "Maraba"]
[Date "2015.04.24"]
[Round "2"]
[White "Rodi, Luis Ernesto"]
[Black "Chaves, Allysson Pereira"]
[Result "1-0"]
[WhiteElo "2352"]
[BlackElo "2013"]
[PlyCount "61"]
[EventDate "2015.04.24"]
[EventType "swiss"]
[EventRounds "6"]
[EventCountry "BRA"]
[SourceTitle "CBM 166 Extra"]
[Source "ChessBase"]
[SourceDate "2015.06.18"]
[SourceVersion "1"]
[SourceVersionDate "2015.06.18"]
[SourceQuality "1"]

1. e4 c5 2. Nc3 Nc6 3. Bb5 a6 4. Bxc6 bxc6 5. f4 d6 6. Nf3 Bg4 7. h3 Bxf3 8. Qxf3 Qc7 9. d3 Rb8 10. 0-0 Nf6 11. e5 Nd7 12. exd6 exd6 13. Re1+ Be7 14. Qg4 Kf8 15. Qe2 Bh4 16. Rf1 Bf6 17. Kh1 g6 18. f5 Kg7 19. Qd2 g5 20. Ne4 h6 21. Nxf6 Nxf6 22. b3 d5 23. Ba3 Rb5 24. c4 dxc4 25. dxc4 Rd8 26. Qc3 Qa5 27. Qxa5 Rxa5 28. Bb2 Rd2 29. Rfb1 Rd3 30. a4 h5 31. Be5 1-0

[Event "BRA-ch sf-B"]
[Site "Fortaleza"]
[Date "2012.11.03"]
[Round "5"]
[White "Chaves, Allysson Pereira"]
[Black "Damous, Felipe Soares"]
[Result "0-1"]
[WhiteElo "1942"]
[BlackElo "2107"]
[PlyCount "96"]
[EventDate "2012.11.01"]
[EventType "swiss"]
[EventRounds "8"]
[EventCountry "BRA"]
[SourceTitle "EXT 2013"]
[Source "ChessBase"]
[SourceDate "2012.11.22"]
[SourceVersion "1"]
[SourceVersionDate "2012.11.22"]
[SourceQuality "1"]

1. d4 Nf6 2. c4 e6 3. Nf3 d5 4. Nc3 Be7 5. Bg5 0-0 6. e3 h6 7. Bf4 c6 8. Bd3 Nbd7 9. h3 b6 10. 0-0 Bb7 11. cxd5 exd5 12. Rc1 c5 13. Qe2 a6 14. a4 Ne4 15. Rfd1 Nxc3 16. Rxc3 c4 17. Bb1 Nf6 18. Ne5 b5 19. f3 Re8 20. Rcc1 Bd6 21. Qc2 Qb6 22. h4 b4 23. g4 b3 24. Qg2 Rad8 25. g5 Nh5 26. gxh6 Bxe5 27. dxe5 g6 28. Rd4 Nxf4 29. Qh2 Nh5 30. Kf2 Qe6 31. f4 Kh7 32. Qg2 f5 33. Qg5 Qe7 34. Rg1 Qf8 35. Rgd1 Qxh6 36. Qg2 Ng7 37. Qh3 Ne6 38. h5 Nxd4 39. Rxd4 Qxh5 40. Qg3 Kg7 41. Bd3 cxd3 42. Rxd3 Rh8 43. Rxb3 Bc6 44. Rb6 Rc8 45. Rxa6 Qh2+ 46. Qg2 Qxg2+ 47. Kxg2 d4+ 48. Kf1 d3 0-1